ბათუმის შოთა რუსთაველის სახელმწიფო უნივერსიტეტის ბიბლიოთეკა

Byzantine Art and Archaeology / (ბიბ.ჩანაწერი № 60525)

000 -LEADER
fixed length control field 00500nam a22001457a 4500
005 - DATE AND TIME OF LATEST TRANSACTION
control field 20230811150648.0
008 - FIXED-LENGTH DATA ELEMENTS--GENERAL INFORMATION
fixed length control field 230811s1961 enk||||| |||| 00| 0 eng d
080 ## - UNIVERSAL DECIMAL CLASSIFICATION NUMBER
Universal Decimal Classification number 902/904 D-16
100 ## - MAIN ENTRY--PERSONAL NAME
Personal name Dalton, O. M.
9 (RLIN) 19665
245 ## - TITLE STATEMENT
Title Byzantine Art and Archaeology /
Statement of responsibility, etc. O. M. Dalton.
264 ## - PRODUCTION, PUBLICATION, DISTRIBUTION, MANUFACTURE, AND COPYRIGHT NOTICE
Place of production, publication, distribution, manufacture New York:
Name of producer, publisher, distributor, manufacturer Dover Publications,
Date of production, publication, distribution, manufacture, or copyright notice 1961.
300 ## - PHYSICAL DESCRIPTION
Extent 727 p.:
Other physical details ill.;
Dimensions 23 cm.
653 ## - INDEX TERM--UNCONTROLLED
keyword ბიზანტიური ხელოვნება და არქეოლოგია
942 ## - ADDED ENTRY ELEMENTS (KOHA)
Source of classification or shelving scheme
Koha item type წიგნი
ეგზემპლარები
Withdrawn status Lost status Source of classification or shelving scheme Damaged status Not for loan Permanent Location Current Location Shelving location Date acquired Cost, normal purchase price Full call number Barcode Date last seen Copy number Uniform Resource Identifier Price effective from Koha item type Public note
          ბათუმის შოთა რუსთაველის სახელმწიფო უნივერსიტეტის მთავარი ბიბლიოთეკა ბათუმის შოთა რუსთაველის სახელმწიფო უნივერსიტეტის მთავარი ბიბლიოთეკა წიგნსაცავი 2023-08-11 15.00 902/904 D-16 65157 2023-08-11 65157 ბსუ-ს საპატიო დოქტორის გურამ ლორთქიფანიძის საჩუქარი 2023-08-11 წიგნი 15 ლ.